Fine Arts - Music | 3 | 1 | 0 | 0 | 55 | 18 | 48.25 | 1 | 2 |
Science - Biology | 1 | 4 | 0 | 0 | 55 | 61 | 89.00 | 0 | 0 |
History - World | 1 | 2 | 0 | 0 | 35 | 25 | 77.33 | 0 | 1 |
Science - Math | 1 | 2 | 0 | 0 | 35 | 70 | 88.67 | 0 | 0 |
Science - Physics | 0 | 3 | 0 | 0 | 30 | 90 | 102.00 | 0 | 0 |
Science - Chemistry | 0 | 3 | 0 | 0 | 30 | 86 | 102.00 | 0 | 0 |
RMP - Greco-Roman Mythology | 1 | 1 | 0 | 0 | 25 | 49 | 95.00 | 0 | 0 |
Geography - World | 1 | 1 | 0 | 0 | 25 | 51 | 56.50 | 0 | 0 |
RMP - Philosophy | 0 | 2 | 0 | 0 | 20 | 82 | 89.50 | 0 | 0 |
Other - Other Academic and General Knowledge | 0 | 2 | 0 | 0 | 20 | 88 | 95.00 | 0 | 0 |
History - Cross, Historiography, and Miscellaneous | 0 | 2 | 0 | 0 | 20 | 122 | 122.50 | 0 | 0 |
RMP - World Mythology | 0 | 2 | 0 | 0 | 20 | 56 | 69.00 | 0 | 0 |
Literature - European | 1 | 0 | 0 | 0 | 15 | 59 | 59.00 | 0 | 0 |
History - European | 1 | 0 | 0 | 0 | 15 | 58 | 58.00 | 0 | 1 |
Science - Engineering and Miscellaneous | 1 | 0 | 0 | 0 | 15 | 54 | 54.00 | 0 | 1 |
Social Science - Psychology | 0 | 1 | 0 | 0 | 10 | 104 | 104.00 | 0 | 0 |
RMP - Christian Practice | 0 | 1 | 0 | 0 | 10 | 120 | 120.00 | 0 | 0 |
Science - Earth | 0 | 1 | 0 | 0 | 10 | 84 | 84.00 | 0 | 0 |
Social Science - Sociology | 0 | 1 | 0 | 0 | 10 | 90 | 90.00 | 0 | 0 |
Geography - Europe | 0 | 1 | 0 | 0 | 10 | 133 | 133.00 | 0 | 0 |
Fine Arts - Opera | 0 | 1 | 0 | 0 | 10 | 128 | 128.00 | 0 | 0 |
RMP - Jewish Practice | 0 | 1 | 0 | 0 | 10 | 128 | 128.00 | 0 | 0 |
Literature - American | 0 | 1 | 0 | 0 | 10 | 71 | 71.00 | 0 | 0 |